00626nam a2200205 a 450000100060000000300080000600500170001400800410003103500190007204000270009104100080011808200280012610000210015424501070017526000360028230000340031850000200035265000190037270000290039158007BD-RjUL20211209080558.0161212s1964 nyua 001 0 eng  a(BD-RjUL)58131 aDLCcDLCdBD-RjULbeng aeng00a301.24082223bSOC 19641 aEtzioni, Amitai,10aSocial change : bsources, patterns, and consequences /cEdited by the Amitai Etzioni and Eva Etzioni. aNew York :bBasic Books,cc1964 axii, 503 p. :bill. ;c25 cm. aIncludes index. 0aSocial change.1 aEtzioni, Eva,ejoint ed.